Train To Pakistan (Record no. 34632)

MARC details
000 -LEADER
fixed length control field 02933ngm a2200433 4500
003 - CONTROL NUMBER IDENTIFIER
control field dpl
005 - DATE AND TIME OF LATEST TRANSACTION
control field 20100313102949.0
007 - PHYSICAL DESCRIPTION FIXED FIELD--GENERAL INFORMATION
fixed length control field DVD
008 - FIXED-LENGTH DATA ELEMENTS--GENERAL INFORMATION
fixed length control field ||||||sp199 xxu|||||c ||| 00| 0 ng d
010 ## - LIBRARY OF CONGRESS CONTROL NUMBER
LC control number DVD-006498-6506
024 ## - OTHER STANDARD IDENTIFIER
Terms of availability 99.00
035 ## - SYSTEM CONTROL NUMBER
System control number DVD-006498-6506
040 ## - CATALOGING SOURCE
Original cataloging agency DPL
Transcribing agency DPL
082 ## - DEWEY DECIMAL CLASSIFICATION NUMBER
Classification number DVD TRAI
245 ## - TITLE STATEMENT
Title Train To Pakistan
Statement of responsibility, etc Pamela Books Presents
Medium [videorecording] DVD/
260 ## - PUBLICATION, DISTRIBUTION, ETC. (IMPRINT)
Name of publisher, distributor, etc Eagle Home Entertainment
300 ## - PHYSICAL DESCRIPTION
Extent 1 videodisc DVD;
Other physical details sd., col. ;
Dimensions 4 3/4 in.
Type of unit DVD
440 ## - SERIES STATEMENT/ADDED ENTRY--TITLE
Title Eagle Video Home Entertainment
500 ## - GENERAL NOTE
General note Based on the Novel By Khushwant Singh
500 ## - GENERAL NOTE
General note 1947 A Country is Divided....A Ghost Train The Last Link
500 ## - GENERAL NOTE
General note Nomination: Best Film of the Year 1999
538 ## - SYSTEM DETAILS NOTE
System details note Dolby Digital 5.1 - Hindi Subtitles: English
650 ## - SUBJECT ADDED ENTRY--TOPICAL TERM
Topical term or geographic name as entry element Motion Picture
700 ## - ADDED ENTRY--PERSONAL NAME
Personal name Rooks, Pamela
700 ## - ADDED ENTRY--PERSONAL NAME
Personal name Pandey, Nirmal.
700 ## - ADDED ENTRY--PERSONAL NAME
Personal name Kapor, Rajat
700 ## - ADDED ENTRY--PERSONAL NAME
Personal name Dutta, Divya
942 ## - ADDED ENTRY ELEMENTS (KOHA)
Koha item type CD-ROMs, DVDs, VHS
Source of classification or shelving scheme Dewey Decimal Classification
Classification part DVD
Call number suffix TRAI
Holdings
Withdrawn status Lost status Source of classification or shelving scheme Damaged status Not for loan Home library Current library Date acquired Source of acquisition Cost, normal purchase price Total Checkouts Full call number Barcode Date last seen Date checked out Copy number Cost, replacement price Price effective from Koha item type Total Renewals
    Dewey Decimal Classification     Central Library Central Library 13/03/2010 Pioneers/1099/25-12-09/325/13-10-09 /30-12-09 99.00 36 DVD TRAI DVD-006498 05/06/2017 24/05/2017 1 99.00 13/03/2010 CD-ROMs, DVDs, VHS  
    Dewey Decimal Classification     Janak Puri Janak Puri 13/03/2010 Pioneers/1099/25-12-09/325/13-10-09 /30-12-09 99.00 39 DVD TRAI DVD-006500 31/12/2013 18/12/2013 1 99.00 13/03/2010 CD-ROMs, DVDs, VHS 7
    Dewey Decimal Classification     Karol Bagh Karol Bagh 13/03/2010 Pioneers/1099/25-12-09/325/13-10-09 /30-12-09 99.00 34 DVD TRAI DVD-006504 05/03/2016 27/02/2016 1 99.00 13/03/2010 CD-ROMs, DVDs, VHS  
    Dewey Decimal Classification     Narela Narela 13/03/2010 Pioneers/1099/25-12-09/325/13-10-09 /30-12-09 99.00 2 DVD TRAI DVD-006505 04/08/2010 18/07/2010 1 99.00 13/03/2010 CD-ROMs, DVDs, VHS  
    Dewey Decimal Classification     Patel Nagar Patel Nagar 13/03/2010 Pioneers/1099/25-12-09/325/13-10-09 /30-12-09 99.00 35 DVD TRAI DVD-006499 19/10/2015 03/10/2015 1 99.00 13/03/2010 CD-ROMs, DVDs, VHS 1
    Dewey Decimal Classification     R.K.Puram-8 R.K.Puram-8 13/03/2010 Pioneers/1099/25-12-09/325/13-10-09 /30-12-09 99.00 10 DVD TRAI DVD-006502 19/07/2016 18/07/2016 1 99.00 13/03/2010 CD-ROMs, DVDs, VHS 1
    Dewey Decimal Classification     Sarojini Nagar Sarojini Nagar 13/03/2010 Pioneers/1099/25-12-09/325/13-10-09 /30-12-09 99.00 51 DVD TRAI DVD-006501 13/05/2017 29/04/2017 1 99.00 13/03/2010 CD-ROMs, DVDs, VHS 3
    Dewey Decimal Classification     Shahdara Branch Shahdara Branch 13/03/2010 Pioneers/1099/25-12-09/325/13-10-09 /30-12-09 99.00   DVD TRAI DVD-006506 13/03/2010   1 99.00 13/03/2010 CD-ROMs, DVDs, VHS  
    Dewey Decimal Classification     Vinoba Puri Vinoba Puri 13/03/2010 Pioneers/1099/25-12-09/325/13-10-09 /30-12-09 99.00 20 DVD TRAI DVD-006503 27/01/2015 12/01/2015 1 99.00 13/03/2010 CD-ROMs, DVDs, VHS 1

© Delhi Public Library
Hit Counter
free hit counter